| 000 | 00462pab a2200169 454500 | ||
|---|---|---|---|
| 008 | 180718b2015 xxu||||| |||| 00| 0 eng d | ||
| 100 | _aSaryal, Sutapa | ||
| 245 | _aRole of women in environmental movements in India | ||
| 260 | _c2015 | ||
| 300 | _ap.45-50. | ||
| 362 | _aJul-Dec | ||
| 650 | _aEnvironmental movements - India | ||
| 650 | _awomen - India | ||
| 650 | _aWomen | ||
| 773 | _aSouth Asian Journal of Socio-Political Studies | ||
| 909 | _a110521 | ||
| 999 |
_c110516 _d110516 |
||